Konkurenčná schopnosť ekonomiky Slovenska na prahu vstupu do Európskej únie

Význam konkurenčnej schopnosti pre hodnotenie reálnej konvergencie. Metodologický rámec komplexnejšieho hodnotenia konkurenčnej schopnosti ekonomiky. Konkurenčná schopnosť slovenskej ekonomiky z makroekonomického hľadiska a v komoditno-odvetvovej úrovni.

Na minha lista:
Detalhes bibliográficos
Autor principal: Outrata, Richard
Formato: Capítulo de Livro
Idioma:eslovaco
Assuntos:
Tags: Adicionar Tag
Sem tags, seja o primeiro a adicionar uma tag!

MARC

LEADER 00000naa a2200000 4500
001 r046973
005 20230929074551.7
041 0 |a slo 
044 |a SK 
245 1 0 |a Konkurenčná schopnosť ekonomiky Slovenska na prahu vstupu do Európskej únie  |c Richard Outrata 
520 |a Význam konkurenčnej schopnosti pre hodnotenie reálnej konvergencie. Metodologický rámec komplexnejšieho hodnotenia konkurenčnej schopnosti ekonomiky. Konkurenčná schopnosť slovenskej ekonomiky z makroekonomického hľadiska a v komoditno-odvetvovej úrovni. 
610 2 0 |a integrácia ekonomická medzinárodná 
610 2 0 |a Slovensko 
610 2 0 |a Európska únia 
610 2 0 |a konkurencieschopnosť 
610 2 0 |a hospodárstvo národné 
610 2 0 |a makroekonomika 
610 2 0 |a odvetvia činnosti ekonomickej 
610 2 0 |a komodity 
100 1 |a Outrata, Richard